Mega Click to Translate: Old English - Statistics

General Stats
  • This quiz has been taken 69 times
  • The average score is 12 of 50
Answer Stats
Hint Answer % Correct
three þrī
82%
child ċild
68%
I
68%
many maniġ
68%
narrow nearu
59%
eat etan
50%
stone stān
50%
tail tæġl
50%
sun sunne
45%
egg ǣġ
41%
bird fugol
36%
grass gærs
36%
head hēafod
36%
if ġif
32%
fog mist
32%
forest wudu
32%
meat flǣsċ
27%
snake nǣdre
27%
smooth smēþe
27%
eye ēage
23%
fingernail næġl
23%
think þenċan
23%
belly wamb
23%
hear ġehīeran
18%
cut snīþan
18%
turn wendan
18%
river ēa
14%
year ġēar
14%
see ġesēon
14%
sky heofon
14%
vomit spīwan
14%
bad yfel
14%
laugh hliehhan
9%
skin hȳd
9%
big miċel
9%
die sweltan
9%
throw weorpan
9%
husband wer
9%
breathe ēþian
5%
wing fiþre
5%
walk gān
5%
ditry horiġ
5%
right swīþra
5%
wash þwēan
5%
fruit wæstm
5%
back hryċġ
0%
fear ondrǣdan
0%
leg sċanca
0%
give sellan
0%
root wyrttruma
0%
No matching quizzes found
Score Distribution
Percent of People with Each Score
Percentile by Number Answered
Your Score History
You have not taken this quiz